Verbum salutis
Bewaard in:
| Hoofdauteur: | |
|---|---|
| Formaat: | Boek |
| Taal: | Frans |
| Gepubliceerd in: |
París
Gabriel Beauchesne
1927
|
| Editie: | 2a. ed |
| Onderwerpen: | |
| Tags: |
Voeg label toe
Geen labels, Wees de eerste die dit record labelt!
|
MARC
| LEADER | 00000cam a2200000 a 4500 | ||
|---|---|---|---|
| 001 | UCD2471 | ||
| 003 | CL-VaPUC | ||
| 008 | 160428e19270000fr |||||||||||||||||fre|d | ||
| 082 | 0 | 4 | |a 226 |b DUR |2 21 |
| 100 | 0 | |a Durand, Alfred |e author |9 585820 | |
| 245 | 1 | 0 | |a Verbum salutis |
| 250 | |a 2a. ed | ||
| 300 | |a v | ||
| 942 | |c BK | ||
| 945 | |d 20160428 21:50:00 |a dcastane | ||
| 260 | |a París |b Gabriel Beauchesne |c 1927 | ||
| 500 | |a v.1: Evangile selon Saint Matthieu | ||
| 500 | |a v.2: Evangile selon Saint Marc | ||
| 500 | |a v.3: Evangile selon Saint Luc | ||
| 650 | 0 | |a Evangelios |9 314864 | |
| 650 | 0 | |a Evangelio de San Mateo |9 584186 | |
| 650 | 0 | |a Evangelio de San Marcos |9 579650 | |
| 650 | 0 | |a Evangelio de San Lucas |9 584187 | |
| 583 | |a last modification |c 20160428 21:50:00 |k Rodrigo Vera | ||
| 999 | |c 363633 |d 363631 | ||
| 952 | |0 0 |1 0 |3 erd |4 0 |6 226_000000000000000_DUR_1927 |7 0 |8 X |9 476236 |a BIBTEO |b BIBTEO |c TEO_FFR |h v.1 |i 5228719 |o 226 DUR 1927 |p 5228719 |r 2024-01-18 |w 2019-11-24 |y BK_X |z Catalogado en:20160428 |k OFM | ||
| 952 | |0 0 |1 0 |3 erd |4 0 |6 226_000000000000000_DUR_1927 |7 0 |8 X |9 476237 |a BIBTEO |b BIBTEO |c TEO_FFR |h v.2 |i 5228727 |o 226 DUR 1927 |p 5228727 |r 2024-01-18 |w 2019-11-24 |y BK_X |z Catalogado en:20160428 |k OFM | ||
| 952 | |0 0 |1 0 |3 erd |4 0 |6 226_000000000000000_DUR_1927 |7 0 |8 X |9 476238 |a BIBTEO |b BIBTEO |c TEO_FFR |h v.3 |i 5228735 |o 226 DUR 1927 |p 5228735 |r 2024-01-18 |w 2019-11-24 |y BK_X |z Catalogado en:20160428 |k OFM | ||